Charlotte and Lionel : (Record no. 130291)
[ view plain ]
| 000 -LEADER | |
|---|---|
| fixed length control field | 01592cam a2200361 a 4500 |
| 001 - CONTROL NUMBER | |
| control field | 12897761 |
| 003 - CONTROL NUMBER IDENTIFIER | |
| control field | ARRUPE |
| 005 - DATE AND TIME OF LATEST TRANSACTION | |
| control field | 20200204120642.0 |
| 008 - FIXED-LENGTH DATA ELEMENTS--GENERAL INFORMATION | |
| fixed length control field | 020816s2003 nyuaf b 001 0beng |
| 010 ## - LIBRARY OF CONGRESS CONTROL NUMBER | |
| LC control number | 2002029994 |
| 020 ## - INTERNATIONAL STANDARD BOOK NUMBER | |
| International Standard Book Number | 0743226860 |
| 040 ## - CATALOGING SOURCE | |
| Original cataloging agency | DLC |
| Transcribing agency | DLC |
| Modifying agency | DLC |
| 043 ## - GEOGRAPHIC AREA CODE | |
| Geographic area code | e-uk--- |
| 050 00 - LIBRARY OF CONGRESS CALL NUMBER | |
| Classification number | CT788.R64 |
| Item number | W48 2003 |
| 082 00 - DEWEY DECIMAL CLASSIFICATION NUMBER | |
| Classification number | 332.1/092/241 |
| -- | B |
| Edition number | 21 |
| 300 ## - PHYSICAL DESCRIPTION | |
| Other physical details | ill. ; |
| Dimensions | 20 cm. |
| 100 1# - MAIN ENTRY--PERSONAL NAME | |
| Personal name | Weintraub, Stanley, |
| Dates associated with a name | 1929- |
| 9 (RLIN) | 49339 |
| 245 10 - TITLE STATEMENT | |
| Title | Charlotte and Lionel : |
| Remainder of title | a Rothschild marriage / |
| Statement of responsibility, etc | Stanley Weintraub. |
| 260 ## - PUBLICATION, DISTRIBUTION, ETC. (IMPRINT) | |
| Place of publication, distribution, etc | London : |
| Name of publisher, distributor, etc | Pockett Books, |
| Date of publication, distribution, etc | c2004. |
| 300 ## - PHYSICAL DESCRIPTION | |
| Extent | xviii, 345 p., [16] p. of plates : |
| 504 ## - BIBLIOGRAPHY, ETC. NOTE | |
| Bibliography, etc | Includes bibliographical references and index. |
| 600 10 - SUBJECT ADDED ENTRY--PERSONAL NAME | |
| Personal name | Rothschild, Lionel Nathan de, |
| Titles and other words associated with a name | Baron, |
| Dates associated with a name | 1808-1879. |
| 9 (RLIN) | 49340 |
| 600 10 - SUBJECT ADDED ENTRY--PERSONAL NAME | |
| Personal name | Rothschild, Charlotte de, |
| Dates associated with a name | 1819-1884. |
| 9 (RLIN) | 49341 |
| 600 30 - SUBJECT ADDED ENTRY--PERSONAL NAME | |
| Personal name | Rothschild family. |
| 9 (RLIN) | 49342 |
| 650 #0 - SUBJECT ADDED ENTRY--TOPICAL TERM | |
| Topical term or geographic name as entry element | Jewish bankers |
| Geographic subdivision | Great Britain |
| Form subdivision | Biography. |
| 9 (RLIN) | 49343 |
| 650 #0 - SUBJECT ADDED ENTRY--TOPICAL TERM | |
| Topical term or geographic name as entry element | Bankers |
| Geographic subdivision | Great Britain |
| Form subdivision | Biography. |
| 9 (RLIN) | 49344 |
| 651 #0 - SUBJECT ADDED ENTRY--GEOGRAPHIC NAME | |
| Geographic name | Great Britain |
| Form subdivision | Biography. |
| 9 (RLIN) | 10090 |
| 856 42 - ELECTRONIC LOCATION AND ACCESS | |
| Materials specified | Contributor biographical information |
| Uniform Resource Identifier | <a href="http://www.loc.gov/catdir/bios/simon052/2002029994.html">http://www.loc.gov/catdir/bios/simon052/2002029994.html</a> |
| 856 41 - ELECTRONIC LOCATION AND ACCESS | |
| Materials specified | Sample text |
| Uniform Resource Identifier | <a href="http://www.loc.gov/catdir/samples/simon031/2002029994.html">http://www.loc.gov/catdir/samples/simon031/2002029994.html</a> |
| 856 42 - ELECTRONIC LOCATION AND ACCESS | |
| Materials specified | Publisher description |
| Uniform Resource Identifier | <a href="http://www.loc.gov/catdir/description/simon034/2002029994.html">http://www.loc.gov/catdir/description/simon034/2002029994.html</a> |
| 906 ## - LOCAL DATA ELEMENT F, LDF (RLIN) | |
| a | 7 |
| b | cbc |
| c | orignew |
| d | 1 |
| e | ocip |
| f | 20 |
| g | y-gencatlg |
| 942 ## - ADDED ENTRY ELEMENTS (KOHA) | |
| Source of classification or shelving scheme | Library of Congress Classification |
| Koha item type | Monograph ( Printed materials) |
| Withdrawn status | Lost status | Source of classification or shelving scheme | Damaged status | Not for loan | Collection code | Home library | Current library | Shelving location | Date acquired | Total Checkouts | Full call number | Barcode | Date last seen | Price effective from | Koha item type |
|---|---|---|---|---|---|---|---|---|---|---|---|---|---|---|---|
| Library of Congress Classification | Main Collection | ARRUPE LIBRARY | ARRUPE LIBRARY | Main Collection | 04/02/2020 | CT788.R64 W48 2003 | 46600006537 | 04/02/2020 | 04/02/2020 | Monograph ( Printed materials) |